000 00806nam a2200253Ia 4500
003 OSt
005 20220925235057.0
006 a|||||r|||| 00| 0
007 ta
008 220923b |||||||| |||| 00| 0 eng d
020 _a9788180696565
_c935
037 _b23, 20/08/2010, Indu Book Services
_cGeneral Book
040 _aRTL
_cRTL
_beng
041 _2eng
_aeng
082 _aY33:7:7, Q0
100 _aBHATTACHARYA B
245 0 _aUrbanization, urban sustainability and the future of cities
260 _a New Delhi
_bConcept Publishing
_c2010
300 _axix, 443p
_ccm.
500 _aBibliography: P 424-33; Appendix: P 406-23
650 _aGeography
942 _hY33:7:7, Q0
_cGB
_2CC
999 _c596753
_d596753